Revista de historia de América
Includes sections "Resenas de libros," "Revistas" and "Bibliografia de historia de America."
| Autor Corporativo: | |
|---|---|
| Otros Autores: | |
| Formato: | Electrónico Revista |
| Lenguaje: | inglés español francés portugués |
| Publicado: |
Tacubaya, México :
Instituto Panamericano de Geografía e Historia
|
| Materias: | |
| Acceso en línea: | Full text available from PRISMA Database with HAPI Index: 01/01/2000 to 01/31/2014 |
MARC
| LEADER | 00000nas a2200000 a 4500 | ||
|---|---|---|---|
| 001 | ssj0013023 | ||
| 003 | WaSeSS | ||
| 005 | 20200512172242.0 | ||
| 006 | m d | ||
| 007 | cr n | ||
| 008 | 050614c19389999mx fr pss b 0 0eng c | ||
| 010 | |a 2009235452 | ||
| 016 | 7 | |a 989689506 |2 DE-101 | |
| 016 | 7 | |a 2439082-3 |2 DE-600 | |
| 016 | 7 | |a 000269737 |2 IsJJNL | |
| 016 | 7 | |a 009223138 |2 Uk | |
| 022 | |y 0034-8325 | ||
| 024 | 8 | |a eb506683 | |
| 035 | |a (WaSeSS)ssj0013023 | ||
| 040 | |a OCLCS |b eng |c OCLCS |d OCLCG |d OCLCQ |d EYM |d HLS |d MUQ |d OCLCE |d GWDNB |d OCLCQ |d GBVCP |d OCLCQ |d OCLCF |d OCLCA |d OCLCO |d OCLCQ |d DEBBG |d WT2 |d GILDS |d OCLCO |d OCL |d OCLCQ |d WYU |d UKMGB |d CEF |d AU@ |d CO3 |d OCLCO |d OCLCQ |d VT2 |d FIE |d UAB |d U3W |d UKBTH |d OCLCQ |d SFB |d WaSeSS | ||
| 041 | 0 | |a spa |a fre |a eng |a por | |
| 042 | |a pcc |a dlr | ||
| 043 | |a s------ |a n------ |a cl----- | ||
| 050 | 1 | 4 | |a F1401 |
| 082 | 0 | 4 | |a 980.05 |
| 130 | 0 | |a Revista de historia de América (Online) | |
| 245 | 1 | 0 | |a Revista de historia de América |h [electronic resource]. |
| 260 | |a Tacubaya, México : |b Instituto Panamericano de Geografía e Historia | ||
| 310 | |a Semiannual, |b 2018- | ||
| 321 | |a Frequency varies, |b 1938-2017 | ||
| 362 | 1 | |a Began with no. 1 (marzo 1938). | |
| 500 | |a At head of title: Instituto Panamericano de Geografía e Historia. | ||
| 500 | |a Editor: Mar. 1938- S. Zavala. | ||
| 506 | |a License restrictions may limit access. | ||
| 515 | |a Issue for <2018-> called nueva época. | ||
| 515 | |a Vols. 35-36 issued combined, also v. 37-38. | ||
| 520 | |a Includes sections "Resenas de libros," "Revistas" and "Bibliografia de historia de America." | ||
| 538 | |a Master and use copy. Digital master created according to Benchmark for Faithful Digital Reproductions of Monographs and Serials, Version 1. Digital Library Federation, December 2002. |u http://purl.oclc.org/DLF/benchrepro0212 |5 MiAaHDL | ||
| 538 | |a Mode of access: World Wide Web. | ||
| 546 | |a Contributions in Spanish, Portuguese, English or French. | ||
| 583 | 1 | |a digitized |c 2010 |h HathiTrust Digital Library |l committed to preserve |5 MiAaHDL |2 pda | |
| 588 | 0 | |a No. 4 (1938); title from title screen (JSTOR, viewed May 28, 2009). | |
| 588 | 1 | |a Número 155-nueva época (julio-diciembre 2018). | |
| 650 | 7 | |a History (General). |2 ebps | |
| 650 | 7 | |a North America. |2 ebps | |
| 650 | 7 | |a South America. |2 ebps | |
| 651 | 0 | |a Latin America |x History |v Periodicals. | |
| 651 | 0 | |a Latin America |x History |v Bibliography |v Periodicals. | |
| 651 | 0 | |a America |x History |v Periodicals. | |
| 651 | 0 | |a America |x History |v Bibliography |v Periodicals. | |
| 651 | 6 | |a Amérique latine |x Histoire |v Périodiques. | |
| 651 | 6 | |a Amérique latine |x Histoire |v Bibliographie |v Périodiques. | |
| 651 | 6 | |a Amérique |x Histoire |v Périodiques. | |
| 651 | 6 | |a Amérique |x Histoire |v Bibliographie |v Périodiques. | |
| 651 | 7 | |a America. |2 fast |0 (OCoLC)fst01239786 | |
| 651 | 7 | |a Latin America. |2 fast |0 (OCoLC)fst01245945 | |
| 651 | 7 | |a AMERICA LATINA |x HISTORIA |x PUBLICACIONES PERIODICAS. |2 renib | |
| 651 | 7 | |a AMERICA LATINA |x HISTORIA |x BIBLIOGRAFIAS |x PUBLICACIONES PERIODICAS. |2 renib | |
| 651 | 7 | |a AMERICA |x HISTORIA |x PUBLICACIONES PERIODICAS. |2 renib | |
| 651 | 7 | |a AMERICA |x HISTORIA |x BIBLIOGRAFIAS |x PUBLICACIONES PERIODICAS. |2 renib | |
| 655 | 0 | |a Electronic journals. | |
| 700 | 1 | |a Zavala, Silvio, |d 1909-2014. | |
| 710 | 2 | |a Pan American Institute of Geography and History. | |
| 776 | 0 | 8 | |i Print version: |t Revista de historia de América |x 0034-8325 |w (DLC) 40010583 |w (OCoLC)1763914 |
| 856 | 4 | 0 | |z Full text available from PRISMA Database with HAPI Index: 01/01/2000 to 01/31/2014 |u https://search.proquest.com/publication/894 |